| 000 | 00910cam a22002411i 4500 | ||
|---|---|---|---|
| 003 | SA-RiAUC | ||
| 005 | 20250929062416.0 | ||
| 008 | 250929s2000 su g 000 0 ara c | ||
| 040 |
_aJO-IrJUST _bara _cSA-RiAUC _erda |
||
| 082 | 0 | 4 |
_a252 _qSA-RiAUC |
| 090 |
_a252 _bر ز ق |
||
| 100 | 1 |
_aالرزقي، محمد الطاهر، _d1933- _eمؤلف. |
|
| 245 | 1 | 0 |
_aعامل الزمن في العبادات والمعاملات / _cمحمد الطاهر الرزقي. |
| 264 | 1 |
_aالرياض : _bمكتبة الرشد، _c2000. |
|
| 300 |
_aمجلد (303 صفحة) ؛ _c24 سم |
||
| 336 |
_aنص _btxt _2rdacontent _3كتاب |
||
| 337 |
_aبدون وسيط _bn _2rdamedia |
||
| 338 |
_aمجلد _bnc _2rdacarrier |
||
| 650 | 7 |
_aالعبادات (فقه إسلامي) _2aucsh |
|
| 650 | 7 |
_aالمعاملات (فقه إسلامي) _2aucsh |
|
| 942 |
_2ddc _cBOOK |
||
| 949 |
_aSA-JeALM _d250929 _ukhaled123 _n1 |
||
| 999 |
_c12168 _d12168 |
||